Online Catalogue and eLibrary

Some facets of Sri Lanka (Record no. 3535)

MARC details
000 -LEADER
fixed length control field 00407nam a2200169Ia 4500
005 - DATE AND TIME OF LATEST TRANSACTION
control field 20250304005230.0
008 - FIXED-LENGTH DATA ELEMENTS--GENERAL INFORMATION
fixed length control field 240331s9999 xx 000 0 und d
082 ## - DDC Classification
Item Number - Author Mark SEN
Class No. 954
100 ## - MAIN ENTRY--PERSONAL NAME
Personal name Seneviratne, M
245 #0 - TITLE STATEMENT
Title Some facets of Sri Lanka
260 ## - PUBLICATION, DISTRIBUTION, ETC.
Place of publication, distribution, etc. Colombo
Name of publisher, distributor, etc. Swastika (Pvt) Ltd
Date of publication, distribution, etc. 1985
300 ## - PHYSICAL DESCRIPTION
Extent (e.g. Volumes, Pages etc.) 79 p .,
650 ## - SUBJECT ADDED ENTRY--TOPICAL TERM
Topical term or geographic name entry element Ancient Sri Lanka
650 ## - SUBJECT ADDED ENTRY--TOPICAL TERM
Topical term or geographic name entry element History
650 ## - SUBJECT ADDED ENTRY--TOPICAL TERM
Topical term or geographic name entry element Tourism
942 ## - Koha item type (Biblio)
Koha item type Books in Stacks (Lending)
Holdings
Lost status Damaged status Collection code Home library Current library Shelving location Date acquired Full call number Accession Number Item type
    Lending WERC Library WERC Library Social Science Cupboard 03/31/2024 954.93 SEN 174 Books in Stacks (Lending)

© WERC Library